[Event "165 Stay Safe Play From Home"]
[Site "T#646253Emanuel Laske"]
[Date "2020.05.22"]
[Round "7"]
[White "Haris kollari 13"]
[Black "Dukic"]
[Result "0-1"]
[WhiteElo "1852"]
[BlackElo "1950"]
[Annotator "NA RC"]
[PlyCount "120"]
[EventDate "2020.05.22"]
[EventType "swiss (blitz)"]

1. e4 {[%emt 0:00:01]} c6 {[%emt 0:00:08]} 2. f4 {[%emt 0:00:11]} d6 {[%emt 0:00:01]} 3. Nf3 {[%emt 0:00:01]} Nd7 {[%emt 0:00:02]} 4. d4 {[%emt 0:00:01]} Qc7 {[%emt 0:00:01]} 5. c3 {[%emt 0:00:01]} e5 {[%emt 0:00:01]} 6. Bd3 {[%emt 0:00:02]} Be7 {[%emt 0:00:01]} 7. Be3 {[%emt 0:00:01]} Ngf6 {[%emt 0:00:01]} 8. h3 {[%emt 0:00:02]} O-O {[%emt 0:00:08]} 9. f5 {[%emt 0:00:01]} d5 {[%emt 0:00:02]} 10. dxe5 {[%emt 0:00:05]} dxe4 {[%emt 0:00:15]} 11. exf6 {[%emt 0:00:02]} Nxf6 {[%emt 0:00:01]} 12. O-O {[%emt 0:00:14]} Rd8 {[%emt 0:00:46]} 13. Nd4 {[%emt 0:00:02]} exd3 {[%emt 0:00:03]} 14. Nd2 {[%emt 0:00:12]} c5 {[%emt 0:00:03]} 15. Bf4 {[%emt 0:00:16]} Qd7 {[%emt 0:00:06]} 16. N4f3 {[%emt 0:00:06]} Qxf5 {[%emt 0:00:03]} 17. Bh2 {[%emt 0:00:03]} Qd5 {[%emt 0:00:06]} 18. Kh1 {[%emt 0:00:07]} b6 {[%emt 0:00:04]} 19. Re1 {[%emt 0:00:02]} Bd6 {[%emt 0:00:02]} 20. c4 {[%emt 0:00:04]} Qc6 {[%emt 0:00:04]} 21. b3 {[%emt 0:00:09]} Bb7 {[%emt 0:00:01]} 22. Re3 {[%emt 0:00:14]} Bxh2 {[%emt 0:00:07]} 23. Kxh2 {[%emt 0:00:03]} Qd6+ {[%emt 0:00:17]} 24. Kh1 {[%emt 0:00:01]} Qg3 {[%emt 0:00:03]} 25. Qf1 {[%emt 0:00:07]} Nh5 {[%emt 0:00:21]} 26. Rae1 {[%emt 0:00:07]} Nf4 {[%emt 0:00:03]} 27. Qg1 {[%emt 0:00:19]} f6 {[%emt 0:00:11]} 28. Qh2 {[%emt 0:00:01]} Qxh2+ {[%emt 0:00:20]} 29. Kxh2 {[%emt 0:00:01]} Rd7 {[%emt 0:00:18]} 30. Kg3 {[%emt 0:00:01]} g5 {[%emt 0:00:04]} 31. h4 {[%emt 0:00:07]} h6 {[%emt 0:00:02]} 32. hxg5 {[%emt 0:00:04]} hxg5 {[%emt 0:00:01]} 33. Re8+ {[%emt 0:00:10]} Rxe8 {[%emt 0:00:03]} 34. Rxe8+ {[%emt 0:00:01]} Kf7 {[%emt 0:00:00]} 35. Re3 {[%emt 0:00:06]} Ne2+ {[%emt 0:00:15]} 36. Kf2 {[%emt 0:00:01]} Nc1 {[%emt 0:00:02]} 37. a4 {[%emt 0:00:05]} Kg6 {[%emt 0:00:01]} 38. Re6 {[%emt 0:00:12]} g4 {[%emt 0:00:02]} 39. Ne1 {[%emt 0:00:10]} Kg5 {[%emt 0:00:02]} 40. g3 {[%emt 0:00:06]} f5 {[%emt 0:00:01]} 41. Ke3 {[%emt 0:00:01]} Rh7 {[%emt 0:00:07]} 42. Nxd3 {[%emt 0:00:06]} Nxd3 {[%emt 0:00:02]} 43. Kxd3 {[%emt 0:00:01]} Rh3 {[%emt 0:00:00]} 44. Re7 {[%emt 0:00:05]} Rxg3+ {[%emt 0:00:01]} 45. Kc2 {[%emt 0:00:02]} Bg2 {[%emt 0:00:03]} 46. Rxa7 {[%emt 0:00:01]} f4 {[%emt 0:00:01]} 47. Rf7 {[%emt 0:00:07]} Re3 {[%emt 0:00:01]} 48. Kd1 {[%emt 0:00:06]} f3 {[%emt 0:00:01]} 49. Rf8 {[%emt 0:00:08]} Kh4 {[%emt 0:00:01]} 50. Rf6 {[%emt 0:00:06]} Kg3 {[%emt 0:00:01]} 51. Rxb6 {[%emt 0:00:01]} f2 {[%emt 0:00:01]} 52. Rf6 {[%emt 0:00:01]} Bf3+ {[%emt 0:00:04]} 53. Kc1 {[%emt 0:00:04]} Re1+ {[%emt 0:00:02]} 54. Kc2 {[%emt 0:00:01]} Re2 {[%emt 0:00:00]} 55. Kd3 {[%emt 0:00:05]} Rxd2+ {[%emt 0:00:01]} 56. Kxd2 {[%emt 0:00:00]} f1=Q {[%emt 0:00:02]} 57. a5 {[%emt 0:00:01]} Qb1 {[%emt 0:00:02]} 58. Rb6 {[%emt 0:00:04]} Qa2+ {[%emt 0:00:02]} 59. Ke3 {[%emt 0:00:02]} Qxa5 {[%emt 0:00:00]} 60. Rb5 {[%emt 0:00:00]} Qc3# {[%emt 0:00:01] (Lag: Av=0.39s, max=0.7s)} 0-1

[Event "165 Stay Safe Play From Home"]
[Site "T#646253Emanuel Laske"]
[Date "2020.05.22"]
[Round "7"]
[White "Sadbat1122"]
[Black "Tunca"]
[Result "0-1"]
[WhiteElo "1804"]
[BlackElo "1815"]
[Annotator "NA RC"]
[PlyCount "104"]
[EventDate "2020.05.22"]
[EventType "swiss (blitz)"]

1. e4 {[%emt 0:00:04]} Nf6 {[%emt 0:00:03]} 2. e5 {[%emt 0:00:19]} Nd5 {[%emt 0:00:02]} 3. c4 {[%emt 0:00:02]} Nb6 {[%emt 0:00:01]} 4. d4 {[%emt 0:00:03]} d6 {[%emt 0:00:01]} 5. exd6 {[%emt 0:00:01]} cxd6 {[%emt 0:00:00]} 6. Nc3 {[%emt 0:00:03]} g6 {[%emt 0:00:00]} 7. Nf3 {[%emt 0:00:13]} Bg7 {[%emt 0:00:00]} 8. Be3 {[%emt 0:00:03]} Nc6 {[%emt 0:00:00]} 9. Be2 {[%emt 0:00:03]} Bg4 {[%emt 0:00:05]} 10. b3 {[%emt 0:00:09]} O-O {[%emt 0:00:02]} 11. O-O {[%emt 0:00:03]} e5 {[%emt 0:00:11]} 12. d5 {[%emt 0:00:06]} Ne7 {[%emt 0:00:20]} 13. Rc1 {[%emt 0:00:06]} Nf5 {[%emt 0:00:08]} 14. Bg5 {[%emt 0:00:07]} Qc7 {[%emt 0:00:31]} 15. Nb5 {[%emt 0:00:02]} Qc5 {[%emt 0:00:01]} 16. h3 {[%emt 0:00:06]} Bxf3 {[%emt 0:00:01]} 17. Bxf3 {[%emt 0:00:03]} a6 {[%emt 0:00:06]} 18. Nc3 {[%emt 0:00:07]} Nd4 {[%emt 0:00:02]} 19. Be3 {[%emt 0:00:07]} Qa5 {[%emt 0:00:24]} 20. Bxd4 {[%emt 0:00:08]} exd4 {[%emt 0:00:00]} 21. Ne4 {[%emt 0:00:02]} Rad8 {[%emt 0:00:14]} 22. a4 {[%emt 0:00:05]} Rfe8 {[%emt 0:00:04]} 23. Qd3 {[%emt 0:00:09]} Qb4 {[%emt 0:00:18]} 24. Rb1 {[%emt 0:00:20]} Nd7 {[%emt 0:00:02]} 25. Qd2 {[%emt 0:00:20]} Qb6 {[%emt 0:00:16]} 26. Qf4 {[%emt 0:00:08]} Ne5 {[%emt 0:00:16]} 27. Rfd1 {[%emt 0:00:16]} Nxf3+ {[%emt 0:00:10]} 28. Qxf3 {[%emt 0:00:02]} Re5 {[%emt 0:00:11]} 29. Qd3 {[%emt 0:00:12]} Rde8 {[%emt 0:00:06]} 30. Ng3 {[%emt 0:00:02]} R5e7 {[%emt 0:00:07]} 31. b4 {[%emt 0:00:02]} Qc7 {[%emt 0:00:08]} 32. Rbc1 {[%emt 0:00:06]} Qd7 {[%emt 0:00:03]} 33. a5 {[%emt 0:00:04]} Qa4 {[%emt 0:00:02]} 34. Rb1 {[%emt 0:00:08]} Rc8 {[%emt 0:00:08]} 35. Kh1 {[%emt 0:00:03]} Rce8 {[%emt 0:00:02]} 36. Kh2 {[%emt 0:00:02]} Qd7 {[%emt 0:00:01]} 37. Kg1 {[%emt 0:00:02]} Qd8 {[%emt 0:00:01]} 38. Kh2 {[%emt 0:00:03]} Qc8 {[%emt 0:00:01]} 39. c5 {[%emt 0:00:03]} dxc5 {[%emt 0:00:01]} 40. bxc5 {[%emt 0:00:02]} Qxc5 {[%emt 0:00:00]} 41. Rdc1 {[%emt 0:00:04]} Qxd5 {[%emt 0:00:01]} 42. Rc4 {[%emt 0:00:02]} Be5 {[%emt 0:00:01]} 43. Rbc1 {[%emt 0:00:05]} h5 {[%emt 0:00:01]} 44. h4 {[%emt 0:00:02]} Qd6 {[%emt 0:00:09]} 45. Kh3 {[%emt 0:00:02]} Qe6+ {[%emt 0:00:02]} 46. Kh2 {[%emt 0:00:02]} Qf6 {[%emt 0:00:01]} 47. Rxd4 {[%emt 0:00:03]} Bxd4 {[%emt 0:00:01]} 48. Qxd4 {[%emt 0:00:01]} Qxd4 {[%emt 0:00:01]} 49. Rc2 {[%emt 0:00:03]} Qxh4+ {[%emt 0:00:02]} 50. Kg1 {[%emt 0:00:02]} Re1+ {[%emt 0:00:00]} 51. Nf1 {[%emt 0:00:01]} Rxf1+ {[%emt 0:00:03]} 52. Kxf1 {[%emt 0:00:01]} Qh1# {[%emt 0:00:00] (Lag: Av=0.74s, max=1.3s)} 0-1

[Event "165 Stay Safe Play From Home"]
[Site "T#646253Emanuel Laske"]
[Date "2020.05.22"]
[Round "7"]
[White "matanant"]
[Black "Kongle"]
[Result "0-1"]
[WhiteElo "1799"]
[BlackElo "1792"]
[Annotator "NA RC"]
[PlyCount "106"]
[EventDate "2020.05.22"]
[EventType "swiss (blitz)"]

1. e3 {[%emt 0:00:05]} c5 {[%emt 0:00:01]} 2. c4 {[%emt 0:00:02]} Nc6 {[%emt 0:00:03]} 3. b3 {[%emt 0:00:01]} g6 {[%emt 0:00:02]} 4. Bb2 {[%emt 0:00:03]} e5 {[%emt 0:00:01]} 5. d4 {[%emt 0:00:00]} exd4 {[%emt 0:00:02]} 6. exd4 {[%emt 0:00:01]} cxd4 {[%emt 0:00:01]} 7. Bxd4 {[%emt 0:00:02]} Nxd4 {[%emt 0:00:02]} 8. Qxd4 {[%emt 0:00:00]} Qf6 {[%emt 0:00:01]} 9. Nf3 {[%emt 0:00:03]} Qxd4 {[%emt 0:00:03]} 10. Nxd4 {[%emt 0:00:01]} Bg7 {[%emt 0:00:00]} 11. Nb5 {[%emt 0:00:01]} Bxa1 {[%emt 0:00:11]} 12. Nc7+ {[%emt 0:00:02]} Kd8 {[%emt 0:00:00]} 13. Nxa8 {[%emt 0:00:00]} b6 {[%emt 0:00:04]} 14. Na3 {[%emt 0:00:06]} Bb7 {[%emt 0:00:03]} 15. Nxb6 {[%emt 0:00:04]} axb6 {[%emt 0:00:02]} 16. f3 {[%emt 0:00:04]} Nf6 {[%emt 0:00:03]} 17. Nb5 {[%emt 0:00:04]} Bb2 {[%emt 0:00:08]} 18. Kd2 {[%emt 0:00:02]} Bc6 {[%emt 0:00:11]} 19. Kc2 {[%emt 0:00:22]} Be5 {[%emt 0:00:02]} 20. Nc3 {[%emt 0:00:06]} Kc7 {[%emt 0:00:07]} 21. b4 {[%emt 0:00:06]} Ra8 {[%emt 0:00:10]} 22. b5 {[%emt 0:00:07]} Bb7 {[%emt 0:00:01]} 23. Bd3 {[%emt 0:00:06]} Bxc3 {[%emt 0:00:03]} 24. Kxc3 {[%emt 0:00:01]} Rxa2 {[%emt 0:00:01]} 25. Rg1 {[%emt 0:00:04]} d5 {[%emt 0:00:05]} 26. h4 {[%emt 0:00:09]} h5 {[%emt 0:00:03]} 27. g4 {[%emt 0:00:07]} hxg4 {[%emt 0:00:02]} 28. fxg4 {[%emt 0:00:02]} Ne4+ {[%emt 0:00:10]} 29. Kd4 {[%emt 0:00:18]} Rd2 {[%emt 0:00:21]} 30. Ke3 {[%emt 0:00:11]} Rb2 {[%emt 0:00:10]} 31. cxd5 {[%emt 0:00:03]} Nc5 {[%emt 0:00:08]} 32. Bc4 {[%emt 0:00:04]} Rc2 {[%emt 0:00:09]} 33. Kd4 {[%emt 0:00:04]} Kd6 {[%emt 0:00:06]} 34. h5 {[%emt 0:00:26]} Rd2+ {[%emt 0:00:07]} 35. Kc3 {[%emt 0:00:03]} Rf2 {[%emt 0:00:03]} 36. h6 {[%emt 0:00:02]} Rh2 {[%emt 0:00:11]} 37. g5 {[%emt 0:00:02]} Rh3+ {[%emt 0:00:04]} 38. Kb4 {[%emt 0:00:04]} Rh4 {[%emt 0:00:05]} 39. Rf1 {[%emt 0:00:02]} Nd3+ {[%emt 0:00:01]} 40. Kc3 {[%emt 0:00:02]} Nf4 {[%emt 0:00:01]} 41. h7 {[%emt 0:00:07]} Nxd5+ {[%emt 0:00:05]} 42. Bxd5 {[%emt 0:00:03]} Bxd5 {[%emt 0:00:02]} 43. Rf6+ {[%emt 0:00:02]} Kc5 {[%emt 0:00:02]} 44. Rf2 {[%emt 0:00:22]} Rh3+ {[%emt 0:00:03]} 45. Kd2 {[%emt 0:00:03]} Rxh7 {[%emt 0:00:02]} 46. Ke3 {[%emt 0:00:01]} Kxb5 {[%emt 0:00:02]} 47. Kf4 {[%emt 0:00:02]} Be6 {[%emt 0:00:03]} 48. Ke5 {[%emt 0:00:02]} Rh3 {[%emt 0:00:04]} 49. Rb2+ {[%emt 0:00:01]} Kc5 {[%emt 0:00:02]} 50. Rc2+ {[%emt 0:00:03]} Bc4 {[%emt 0:00:01]} 51. Kf6 {[%emt 0:00:02]} Rf3+ {[%emt 0:00:02]} 52. Kg7 {[%emt 0:00:02]} b5 {[%emt 0:00:01]} 53. Rc1 {[%emt 0:00:03]} b4 {[%emt 0:00:01] matanant resigns (Lag: Av=0.89s, max=1.8s)} 0-1